Centre retailing 2008 (Record no. 107624)

MARC details
000 -LEADER
fixed length control field 01183cam a22002535a 4500
001 - CONTROL NUMBER
control field L141288
008 - FIXED-LENGTH DATA ELEMENTS--GENERAL INFORMATION
fixed length control field 061120s2007 bo f s 000 0 eng u
035 ## - SYSTEM CONTROL NUMBER
System control number (Sirsi) u141288
041 0# - LANGUAGE CODE
Language code of text/sound track or separate title eng
050 04 - LIBRARY OF CONGRESS CALL NUMBER
Classification number 711.552 $2 18
110 2# - MAIN ENTRY--CORPORATE NAME
Corporate name or jurisdiction name as entry element Estates Gazette
9 (RLIN) 298
245 00 - TITLE STATEMENT
Title Centre retailing 2008
250 ## - EDITION STATEMENT
Edition statement 21st ed.
260 ## - PUBLICATION, DISTRIBUTION, ETC.
Place of publication, distribution, etc. London
Name of publisher, distributor, etc. Estates Gazette
Date of publication, distribution, etc. 2007
300 ## - PHYSICAL DESCRIPTION
Extent 300p.
Dimensions 30cm.
520 ## - SUMMARY, ETC.
Summary, etc. Provides research into the market from retail experts, market overviews and vital statistics, a directory of retail agents and services and a directory of UK and worldwide shopping centres. Also presents features considering the development of historic towns, the tendency in the UK for developers to invest in lower-ranked towns, land rights, mixed-use developments, the unpopularity of multi-level shopping in the UK, and a case study about a speculative 1980s land purchase in South Africa.
521 1# - TARGET AUDIENCE NOTE
Target audience note Advanced
590 ## - LOCAL NOTE (RLIN)
Local note KA
651 #4 - SUBJECT ADDED ENTRY--GEOGRAPHIC NAME
Geographic name United Kingdom
Chronological subdivision
690 ## - LOCAL SUBJECT ADDED ENTRY--TOPICAL TERM (OCLC, RLIN)
Topical term or geographic name as entry element PROPERTY-COMMERCIAL PROPERTY-RETAIL PROPERTY-SHOPPING CENTRE AND MALL PROPERTY
700 1# - ADDED ENTRY--PERSONAL NAME
Personal name Henry, Alison
Relator term Editor
710 ## - ADDED ENTRY--CORPORATE NAME
Corporate name or jurisdiction name as entry element British Council of Shopping Centres
9 (RLIN) 1982
942 ## - ADDED ENTRY ELEMENTS (KOHA)
Suppress in OPAC 0
Holdings
Withdrawn status Lost status Source of classification or shelving scheme Damaged status Not for loan Home library Current library Shelving location Date acquired Total Checkouts Full call number Barcode Date last seen Date last checked out Copy number Price effective from Koha item type
    Dewey Decimal Classification     London London Basement 13/11/2007 6 BASEMENT 30074332 06/08/2019 27/02/2009 1 06/08/2019 Book